00523nam a2200145Ia 4500008004100000100001800041245008000059245001800139260000900157300001200166650001300178856009400191999001900285952007300304170221s9999 xx 000 0 und d aJames D. Rose aDevelopment of Moral Reasoning at a Higher Education Institution in Nigeria cJames D. Rose c2012 a32 : 15 xBusiness uhttp://www.regent.edu/acad/global/publications/elj/vol5iss1/ELJ_Vol5No1_Rose_pp81-101.pdf c311346d311346 001040aCLbCLd2017-02-21l0r2017-02-21 00:00:00w2017-02-21yFOJ